Zákon č. 56/2012 Z.z. o cestnej doprave s komentárom

Nový zákon o cestnej doprave - jeho význam. Zosúladenie vnútroštátnej právnej terminológie s terminológiou používanou v práve EÚ, prispelo k zjednodušeniu orientácie sa jeho adresátov.

Salvato in:
Dettagli Bibliografici
Autore principale: Poliak, Miloš
Natura: Capitolo di libro
Lingua:slovacco
Soggetti:
Tags: Aggiungi Tag
Nessun Tag, puoi essere il primo ad aggiungerne!!

MARC

LEADER 00000naa a2200000 4500
001 0151417
005 20231120102740.9
041 0 |a slo 
044 |a SK 
245 1 0 |a Zákon č. 56/2012 Z.z. o cestnej doprave s komentárom  |c Miloš Poliak 
520 |a Nový zákon o cestnej doprave - jeho význam. Zosúladenie vnútroštátnej právnej terminológie s terminológiou používanou v práve EÚ, prispelo k zjednodušeniu orientácie sa jeho adresátov. 
610 2 0 |a doprava cestná 
610 2 0 |a zákony 
610 2 0 |a komentáre 
610 2 0 |a Slovensko 
610 2 0 |a 2012 
100 1 |a Poliak, Miloš